00815nam a2200193 i 450000100060000000300090000600500170001500700030003200800410003510000500007624500680012626000510019430000220024550501480026760000480041585200210046399900170048495201200050173249ES-MaACL20231226145003.0t|040923s1936 sp ||||1| spa d1 aLomba y Pedraja, José R.,d1868-195197317610aCuatro estudios en torno a Larra / cJosé R. Lomba y Pedraja. aMadrid : b[s.n.], c1936 (fTip. de Archivos) a398 p. ; c20 cm.8 aContiene: I. Costumbristas españoles 1800-1850 -- II: Larra, escritor político -- III. Larra, crítico literario -- IV. Teatro romántico14aLarra, Mariano José de,d1809-1837970287 aES-MaACLjA-4203 c73249d73249 00104070aATENEOMbATENEOMcSPP1d2008-01-17eSCl0oA-4203p1076677r2023-02-23 00:00:00w2023-02-23yMONOGRAFIA